Sports Quiz

Random Sports Quiz

Arsenal Premier League Goalscorers 2011-12 Quiz Stats

Quiz not verified by Sporcle

Challenge
Share
Tweet
Embed
Score 0/17 Timer 03:00
0 Plays Today
Number of Goals Scored Player Name % Correct
30Robin van Persie
100%
8Theo Walcott
97.6%
2Aaron Ramsey
88.1%
2Laurent Koscielny
88.1%
6Mikel Arteta
85.7%
6Thomas Vermaelen
85.7%
1Tomas Rosicky
83.3%
1Bacary Sagna
78.6%
1Kieran Gibbs
76.2%
Number of Goals Scored Player Name % Correct
1Alex Song
69%
2Alex Oxlade-Chamberlain
64.3%
4Gervinho
64.3%
2Andre Santos
59.5%
1Marouane Chamakh
59.5%
1Andrey Arshavin
57.1%
4Yossi Benayoun
52.4%
1Thierry Henry
50%

You're not logged in!

Compare scores with friends on all Sporcle quizzes.
Sign Up with Email
OR
Log In

You Might Also Like...

Show Comments

Extras

Top Quizzes Today


Score Distribution

Your Account Isn't Verified!

In order to create a playlist on Sporcle, you need to verify the email address you used during registration. Go to your Sporcle Settings to finish the process.

Report this User

Report this user for behavior that violates our Community Guidelines.

Details: